| 000 | 01080nam a22003257a 4500 | ||
|---|---|---|---|
| 003 | CHAP | ||
| 005 | 20220329141239.0 | ||
| 008 | 971010s1960 r 00010 d | ||
| 010 | _a65095 | ||
| 011 | _a66067 | ||
| 035 | _a73920 | ||
| 040 | _cCHAP | ||
| 082 | 0 | 4 |
_a581.4 _bE83 |
| 100 | 0 | 0 |
_aEsau, Katherine. _937377 |
| 245 | 1 | _aAnatomy of seed plants | |
| 260 |
_aNew York : _bWiley, _c1960 |
||
| 300 |
_a376 p. _b: ilus. |
||
| 590 |
_aBATCH-UPD _b10 _c20130110 _lUCH01 _h1050 |
||
| 590 |
_aBATCH-UPD _b10 _c20130410 _lUCH01 _h0647 |
||
| 590 |
_aBATCH-UPD _b10 _c20130914 _lUCH01 _h0326 |
||
| 590 |
_aCONVERSION _b10 _c20130109 _lUCH01 _h1335 |
||
| 650 | 1 | 4 |
_aAnatomía vegetal. _95495 |
| 650 | 1 | 4 |
_aCitología e histología vegetales. _923495 |
| 901 | _aBK | ||
| 942 | _cLIBRO | ||
| 949 |
_a581.4 E83 _bBC _cLIBRO _d-142005 _eLIBRO _h9423 _i73920 _si |
||
| 949 |
_a581.4 E83 _bBC _cLIBRO _d33724000540597 _eLIBRO _fc.3 _i73920 _si |
||
| 949 |
_a581.4 E83 _bBC _cLIBRO _d33724000540654 _eLIBRO _fc.4 _h9425 _i73920 _si |
||
| 949 |
_a581.4 E83 _bBC _cLIBRO _d33724000746004 _eLIBRO _fc.2 _h9424 _i73920 _sb |
||
| 999 |
_c65095 _d65095 |
||